000 00437nam a2200169Ia 4500
008 231217s9999 xx 000 0 und d
020 _a81-265-0639-3
041 _aEnglish
082 _a658.4038 BOI R
100 _aBoiko, Bob
245 0 _aContent management bible
250 _a2nd ed.
260 _c2005
_bWiley Dream Tech India Ltd,
_aNew Delhi
300 _axxxix+1122
650 _aContent,management,bible
942 _cAA
999 _c177054
_d177054